Top 15 der betroffenen Covid-19-Länder - 8. Dezember 2021 - Statistiken

Allgemein
  • Dieses Quiz wurde 28 mal gespielt
  • Das Durchschnittsergebnis liegt bei 15 aus 28
Antwortstatistiken
Land % Korrekt
Deutschland
96%
Italien
89%
Vereinigte Staaten
89%
Spanien
85%
Brasilien
81%
Frankreich
81%
Russland
81%
Indien
70%
Mexiko
63%
Vereinigtes Königreich
63%
Argentinien
52%
Serbien
48%
Tschechien
48%
Belgien
44%
Indonesien
44%
Kolumbien
44%
Kroatien
44%
Niederlande
44%
Slowakei
41%
Slowenien
41%
Türkei
41%
Israel
30%
Estland
26%
Iran
26%
Georgien
22%
Lettland
22%
Litauen
22%
Bahrain
11%
Keine übereinstimmenden Quizze gefunden
Verteilung der Resultate
Anzahl Personen mit jedem Resultat
Perzentil nach korrekt beantworteten Fragen
Ihre Resultats-Entwicklung
Sie haben dieses Quiz noch nicht gespielt